| 000 | 00570nam a2200169 a 4500 | ||
|---|---|---|---|
| 001 | 000044421 | ||
| 005 | 20201002045348.0 | ||
| 008 | 140630s2014 dr a 000 0 spa d | ||
| 020 | _a9789945881691 | ||
| 040 |
_aDO-SdBNP _bspa _cBNPHU |
||
| 082 |
_axxxx _bxxxx |
||
| 245 | 0 | 0 |
_aGuía de patentes de invención y modelo de utilidad / _cpresentación ; Juan José Báez. |
| 260 |
_aSanto Domingo : _bONAPI, _c2014. |
||
| 300 |
_a92 P. : _bil. ; _c21 cm. |
||
| 700 | 1 | 2 |
_aBáez, Juan José _eprest. _971598 |
| 710 | 2 |
_aOficina Nacional de la Propiedad Industrial, (ONAPI) _972433 |
|
| 999 |
_c43910 _d43910 |
||